Statistiques concernant Culture Générale - Série 30

Cliquez ici pour prendre le quiz!

Statistiques générales

  • Ce quiz a été pris 466 fois
  • Le résultat moyen est 5 sur 10

Statistiques - réponses

QuestionRéponse% Correct
Qui a écrit "Les fleurs du mal" ?Charles Baudelaire
95%
Période où une monnaie perd de sa valeur et suscite donc une augmentation des prix.Inflation
71%
Quel roi de France est assassiné par François Ravaillac le 14 mai 1610 ?Henri IV
66%
Quelle est la nationalité d'Usain Bolt ?Jamaiquaine
65%
Onde océanique qui provoque une élévation du niveau de la mer le long des côtes.Tsunami
60%
Fortification bâtie par la France à partir de 1930 le long de la frontière allemande .Ligne Maginot
54%
Que collectionne un numismate ?Pièces de monnaie
52%
Quel aviateur français a traversé la Manche le 25 juillet 1909 ?Louis Blériot
31%
Canal faisant communiquer un marais littoral avec la mer à marée hauteEtier
12%
Quel pseudonyme avait pris Jean Moulin dans la résistance ?Rex
9%

Distribution des résultats

Percentile par nombre de réponses

% des personnes avec chaque résultat

Votre développement - résultats

Vous n’avez pas pris ce quiz